Scientific deaths - Statistics

General Stats
  • This quiz has been taken 13 times
  • The average score is 2 of 5
Answer Stats
Question Answer % Correct
Mozart Strep throat
70%
George Herbert Lung Infection
60%
Edgar Allen Poe Rabies
40%
Vincent van Gogh Accidental Shooting
30%
Napoleon Arsenic Poisoning
30%
No matching quizzes found
Score Distribution
Percent of People with Each Score
Percentile by Number Answered
Your Score History
You have not taken this quiz